[Event "1. Bundesliga 2018/2019"]
[Site "St. Veit an der Glan"]
[Date "2019.01.18"]
[Round "6"]
[Board "3"]
[White "Bluebaum, Matthias"]
[Black "Kvetny, Mark"]
[Result "1-0"]
[WhiteElo "2610"]
[BlackElo "2409"]
[PlyCount "115"]
[EventDate "2018.11.15"]
[EventType "team"]
[EventRounds "11"]
[EventCountry "AUT"]
[WhiteTeam "Schachklub Sparkasse Jenbach"]
[BlackTeam "Schachclub Sparkasse Goetzis"]

1.d4 e6 2.Nf3 c5 3.g3 Qa5+ 4.c3 cxd4 5.Nxd4 Nf6 6.Bg2 d5 7.O-O Be7 8.c4 dxc4 9.Qc2
Qc5 10.Rd1 O-O 11.Na3 e5 12.Ndb5 Ng4 13.e3 a6 14.Nc3 Ra7 15.Ne4 Qc7 16.Qxc4 b5 17.Qe2
f5 18.Nc3 Bxa3 19.Nd5 Qf7 20.bxa3 Be6 21.Bb2 e4 22.Nf4 Bc4 23.Qd2 Rd7 24.Qa5 Nc6 25.Qxa6
Rfd8 26.Re1 Rd6 27.h3 Nge5 28.Bxe5 Nxe5 29.Qa5 g5 30.Ne2 Nf3+ 31.Kh1 Nxe1 32.Rxe1
Rd5 33.Nd4 R8d6 34.Qc3 Ra6 35.Bf1 Rh6 36.Bxc4 bxc4 37.Qxc4 Rxh3+ 38.Kg2 Rh6 39.Rb1
Rhd6 40.Qc2 Rd8 41.Qc6 R5d6 42.Qc5 Rf6 43.a4 h6 44.Qe5 Re8 45.Rb8 Rxb8 46.Qxb8+ Kh7
47.Qe5 Kg6 48.a3 Qd7 49.a5 Qd6 50.Qe8+ Kg7 51.a6 Qxa6 52.Qe7+ Kg8 53.Qd8+ Rf8 54.Qd5+
Kh7 55.Ne6 Qa8 56.Qd7+ Kg6 57.Qg7+ Kh5 58.Qxf8 1-0

[Event "1. Bundesliga 2018/2019"]
[Site "St. Veit an der Glan"]
[Date "2019.01.18"]
[Round "6"]
[Board "4"]
[White "Walter, Stefan"]
[Black "Acs, Peter"]
[Result "1/2-1/2"]
[WhiteElo "2403"]
[BlackElo "2587"]
[PlyCount "118"]
[EventDate "2018.11.15"]
[EventType "team"]
[EventRounds "11"]
[EventCountry "AUT"]
[WhiteTeam "Schachclub Sparkasse Goetzis"]
[BlackTeam "Schachklub Sparkasse Jenbach"]

1.d4 Nf6 2.Nf3 e6 3.c4 d5 4.Nc3 Be7 5.Bg5 h6 6.Bh4 O-O 7.e3 b6 8.cxd5 Nxd5 9.Bxe7
Nxe7 10.Bd3 Nd7 11.O-O c5 12.Be4 Rb8 13.Qa4 a6 14.Rfd1 Qc7 15.Rac1 b5 16.Qc2 cxd4
17.Nxd4 Nf6 18.Nb3 Qe5 19.f4 Qc7 20.Qd2 Qb6 21.Qd4 Qxd4 22.Rxd4 e5 23.fxe5 Ng4 24.Nd1
Nxe5 25.Rc7 N7g6 26.Nc5 Re8 27.Nc3 Nf8 28.Bd5 b4 29.N3e4 Rb6 30.Nd3 Bd7 31.Rxb4 Rxb4
32.Nxb4 a5 33.Nc2 Be6 34.Bxe6 Nxe6 35.Ra7 Rc8 36.Rxa5 Nd3 37.Nc3 Nxb2 38.Ra3 Nc4 39.Rb3
Nd2 40.Ra3 Nc4 41.Rb3 Nd2 42.Ra3 Kh7 43.Nd4 Nc4 44.Rb3 Nc5 45.Rb1 Nxe3 46.Ncb5 Ra8
47.Re1 Ng4 48.a3 Nd3 49.Ra1 Ra4 50.h3 Ne3 51.Rb1 Nf4 52.Rb2 Rc4 53.Ra2 Rc1+ 54.Kf2
Nfxg2 55.a4 Rf1+ 56.Ke2 Re1+ 57.Kf2 Rf1+ 58.Ke2 Re1+ 59.Kf2 Rf1+ 1/2-1/2

[Event "1. Bundesliga 2018/2019"]
[Site "St. Veit an der Glan"]
[Date "2019.01.18"]
[Round "6"]
[Board "5"]
[White "Shengelia, David"]
[Black "Kessler, Luca"]
[Result "1/2-1/2"]
[WhiteElo "2530"]
[BlackElo "2432"]
[PlyCount "70"]
[EventDate "2018.11.15"]
[EventType "team"]
[EventRounds "11"]
[EventCountry "AUT"]
[WhiteTeam "Schachklub Sparkasse Jenbach"]
[BlackTeam "Schachclub Sparkasse Goetzis"]

1.d4 Nf6 2.Nc3 d5 3.Bf4 e6 4.e3 Be7 5.g4 a6 6.g5 Nfd7 7.Nf3 c5 8.e4 dxe4 9.Nxe4 O-O
10.dxc5 Nxc5 11.Qxd8 Rxd8 12.Nxc5 Bxc5 13.Bg2 Nc6 14.O-O Bd7 15.Rfd1 Be8 16.c3 Rxd1+
17.Rxd1 Rd8 18.Rxd8 Nxd8 19.b4 Be7 20.Nd4 f6 21.Bc7 Nc6 22.Nxe6 fxg5 23.a4 Kf7 24.Bd5
Kf6 25.b5 axb5 26.axb5 Bd7 27.Nd4 Nxd4 28.cxd4 Bxb5 29.Bxb7 Ke6 30.Be4 g6 31.d5+ Kd7
32.Be5 Bd6 33.Bf6 Bf4 34.Bf3 Bc4 35.Bg7 Ke7 1/2-1/2

[Event "1. Bundesliga 2018/2019"]
[Site "St. Veit an der Glan"]
[Date "2019.01.18"]
[Round "6"]
[Board "6"]
[White "Anistratov, Dmitrij"]
[Black "Boensch, Uwe"]
[Result "1-0"]
[WhiteElo "2298"]
[BlackElo "2525"]
[PlyCount "89"]
[EventDate "2018.11.15"]
[EventType "team"]
[EventRounds "11"]
[EventCountry "AUT"]
[WhiteTeam "Schachclub Sparkasse Goetzis"]
[BlackTeam "Schachklub Sparkasse Jenbach"]

1.d4 Nf6 2.Bf4 g6 3.Nf3 Bg7 4.h3 O-O 5.Nbd2 d6 6.e3 Nbd7 7.Be2 b6 8.O-O Bb7 9.Bh2
c5 10.c3 a6 11.a4 Rc8 12.Qb3 Qc7 13.Rfd1 cxd4 14.exd4 Bh6 15.Bf1 Bd5 16.Qa3 Qa7 17.c4
Ba8 18.a5 Ne4 19.Nxe4 Bxe4 20.b4 bxa5 21.Qxa5 Bxf3 22.gxf3 Qb7 23.c5 Rb8 24.cxd6 e6
25.Qc7 Rfd8 26.Rab1 Qxf3 27.Bg2 Qf6 28.Bc6 Bf4 29.Bxf4 Qxf4 30.Bxd7 Qg5+ 31.Kf1 Kg7
32.Bxe6 Qf6 33.Bd5 Rb5 34.Bg2 Rxd6 35.d5 Rbb6 36.Qc5 Qf5 37.Qd4+ Rf6 38.Rb2 Rbd6 39.Kg1
h5 40.Rd3 Kh7 41.Rc2 Qg5 42.Qe3 Qf5 43.Rc6 Rxc6 44.dxc6 Re6 45.Qd2 1-0

[Event "1. Bundesliga 2018/2019"]
[Site "St. Veit an der Glan"]
[Date "2019.01.18"]
[Round "6"]
[Board "1"]
[White "Lenic, Luka"]
[Black "Michalik, Peter"]
[Result "1/2-1/2"]
[WhiteElo "2643"]
[BlackElo "2577"]
[PlyCount "60"]
[EventDate "2018.11.15"]
[EventType "team"]
[EventRounds "11"]
[EventCountry "AUT"]
[WhiteTeam "SV Raika Rapid Feffernitz"]
[BlackTeam "SK Mayrhofen/Zell/Zillertal"]

1.c4 c6 2.d4 d5 3.Nf3 Nf6 4.Nc3 e6 5.e3 Nbd7 6.Qc2 Bd6 7.b3 O-O 8.Be2 b6 9.O-O Bb7
10.Bb2 Qe7 11.Rad1 Rad8 12.Rfe1 Rfe8 13.e4 Nxe4 14.Nxe4 dxe4 15.Qxe4 Bb4 16.Rf1 Ba3
17.Ba1 Nf6 18.Qe3 c5 19.Ne5 cxd4 20.Bxd4 Bc5 21.Bxc5 Qxc5 22.Qxc5 bxc5 23.f3 Kf8 24.Kf2
Ke7 25.Ke3 Nd7 26.Nxd7 Rxd7 27.Rxd7+ Kxd7 28.Rd1+ Kc7 29.a3 a5 30.Rb1 Bc6 1/2-1/2

[Event "1. Bundesliga 2018/2019"]
[Site "St. Veit an der Glan"]
[Date "2019.01.18"]
[Round "6"]
[Board "2"]
[White "Votava, Jan"]
[Black "Abasov, Nijat"]
[Result "0-1"]
[WhiteElo "2518"]
[BlackElo "2633"]
[PlyCount "67"]
[EventDate "2018.11.15"]
[EventType "team"]
[EventRounds "11"]
[EventCountry "AUT"]
[WhiteTeam "SK Mayrhofen/Zell/Zillertal"]
[BlackTeam "SV Raika Rapid Feffernitz"]

1.d4 Nf6 2.c4 e6 3.Nf3 b6 4.g3 Bb7 5.Bg2 Be7 6.O-O O-O 7.Re1 Ne4 8.Nfd2 d5 9.Nxe4
dxe4 10.Nc3 f5 11.Be3 Bf6 12.Qd2 Nc6 13.Rad1 Qe7 14.f3 Rad8 15.fxe4 Bxd4 16.Bxd4 Nxd4
17.Qc1 fxe4 18.Nxe4 Qf7 19.Qb1 Qh5 20.Nc3 Bxg2 21.Kxg2 Qe5 22.Qd3 Nf5 23.Qxd8 Ne3+
24.Kg1 Rxd8 25.Rxd8+ Kf7 26.Nd1 Ke7 27.Rd3 Nxc4 28.b3 Qc5+ 29.Nf2 Ne5 30.Rd2 Ng4 31.e4
Ne5 32.Kg2 Qc3 33.Ree2 c5 34.Rc2 0-1

[Event "1. Bundesliga 2018/2019"]
[Site "St. Veit an der Glan"]
[Date "2019.01.18"]
[Round "6"]
[Board "3"]
[White "Skoberne, Jure"]
[Black "Lanka, Zigurds"]
[Result "1/2-1/2"]
[WhiteElo "2567"]
[BlackElo "2403"]
[PlyCount "60"]
[EventDate "2018.11.15"]
[EventType "team"]
[EventRounds "11"]
[EventCountry "AUT"]
[WhiteTeam "SV Raika Rapid Feffernitz"]
[BlackTeam "SK Mayrhofen/Zell/Zillertal"]

1.d4 Nf6 2.Nf3 e6 3.Bf4 c5 4.e3 Be7 5.Nc3 cxd4 6.exd4 d6 7.Bd3 O-O 8.O-O Nbd7 9.a4
Re8 10.Re1 Nf8 11.a5 a6 12.Bd2 b5 13.axb6 Qxb6 14.Na4 Qc7 15.c4 Ng6 16.b4 Bb7 17.Rc1
Rad8 18.h3 Qb8 19.Rb1 Nd7 20.Nc3 Nf6 21.b5 Qa8 22.bxa6 Bxa6 23.Nb5 Rd7 24.Qa4 Bb7
25.Qxa8 Bxa8 26.Re3 Rb8 27.Ra1 Nh5 28.Bf1 Nf6 29.Rea3 Bb7 30.Be2 h6 1/2-1/2

[Event "1. Bundesliga 2018/2019"]
[Site "St. Veit an der Glan"]
[Date "2019.01.18"]
[Round "6"]
[Board "4"]
[White "Hausner, Ivan"]
[Black "Schreiner, Peter"]
[Result "0-1"]
[WhiteElo "2349"]
[BlackElo "2477"]
[PlyCount "76"]
[EventDate "2018.11.15"]
[EventType "team"]
[EventRounds "11"]
[EventCountry "AUT"]
[WhiteTeam "SK Mayrhofen/Zell/Zillertal"]
[BlackTeam "SV Raika Rapid Feffernitz"]

1.c4 g6 2.Nc3 c5 3.g3 Bg7 4.Bg2 Nc6 5.Nf3 d6 6.d3 e6 7.Bg5 Nge7 8.Qc1 h6 9.Bd2 g5
10.h4 g4 11.Nh2 h5 12.Ne4 Nf5 13.Bc3 e5 14.Nf1 Nfd4 15.e3 Ne6 16.Bd2 f5 17.Nc3 O-O
18.Nh2 Bd7 19.a3 Rb8 20.Rb1 Ne7 21.b4 b6 22.b5 f4 23.Be4 Nf5 24.Nf1 fxg3 25.fxg3 Nc7
26.Kd1 Be6 27.Bxf5 Rxf5 28.e4 Rf3 29.Kc2 Kh7 30.Rg1 Qd7 31.Nh2 Rf2 32.Nf1 Rbf8 33.Kb3
Nxb5 34.Nxb5 Qxb5+ 35.Ka2 Qa4 36.Rb2 R8f3 37.Be3 Rxb2+ 38.Kxb2 b5 0-1

[Event "1. Bundesliga 2018/2019"]
[Site "St. Veit an der Glan"]
[Date "2019.01.18"]
[Round "6"]
[Board "5"]
[White "Diermair, Andreas"]
[Black "Tabernig, Bernhard"]
[Result "1-0"]
[WhiteElo "2482"]
[BlackElo "2296"]
[PlyCount "87"]
[EventDate "2018.11.15"]
[EventType "team"]
[EventRounds "11"]
[EventCountry "AUT"]
[WhiteTeam "SV Raika Rapid Feffernitz"]
[BlackTeam "SK Mayrhofen/Zell/Zillertal"]

1.c4 Nf6 2.d4 e6 3.Nf3 d5 4.g3 Bb4+ 5.Bd2 Be7 6.Bg2 O-O 7.O-O c6 8.Qc2 b6 9.Bf4 Bb7
10.Rd1 Nbd7 11.Ne5 Rc8 12.Nc3 Ne8 13.Qa4 Nxe5 14.dxe5 a6 15.cxd5 cxd5 16.e4 Rc4 17.Qb3
Rb4 18.Qc2 d4 19.Ne2 Qc7 20.Rac1 Qxc2 21.Rxc2 d3 22.Rxd3 Bxe4 23.Bxe4 Rxe4 24.Rd4
Rxd4 25.Nxd4 a5 26.a3 a4 27.Nb5 Bc5 28.Nc3 f6 29.Nxa4 Bd4 30.Be3 fxe5 31.Nxb6 Nd6
32.a4 Nf5 33.Bxd4 Nxd4 34.Rc7 Nf3+ 35.Kg2 Ne1+ 36.Kf1 Nd3 37.Ke2 e4 38.Rc8 Rxc8 39.Nxc8
Nxb2 40.a5 Na4 41.a6 Nc3+ 42.Kd2 e3+ 43.fxe3 Ne4+ 44.Kc2 1-0

[Event "1. Bundesliga 2018/2019"]
[Site "St. Veit an der Glan"]
[Date "2019.01.18"]
[Round "6"]
[Board "6"]
[White "Schiestl, Josef"]
[Black "Sebenik, Matej"]
[Result "0-1"]
[WhiteElo "2118"]
[BlackElo "2517"]
[PlyCount "68"]
[EventDate "2018.11.15"]
[EventType "team"]
[EventRounds "11"]
[EventCountry "AUT"]
[WhiteTeam "SK Mayrhofen/Zell/Zillertal"]
[BlackTeam "SV Raika Rapid Feffernitz"]

1.e4 c5 2.Nc3 g6 3.Nf3 Bg7 4.d4 cxd4 5.Nxd4 Nc6 6.Be3 Nf6 7.Bc4 O-O 8.Bb3 d6 9.f3
Bd7 10.Qd2 Nxd4 11.Bxd4 b5 12.O-O Bc6 13.Rfd1 a5 14.a3 Qc7 15.Rac1 Rab8 16.Nd5 Bxd5
17.Bxd5 b4 18.axb4 axb4 19.Bb3 Nd7 20.Bxg7 Kxg7 21.Qd4+ f6 22.Ra1 Nc5 23.Bc4 Ra8 24.b3
Nd7 25.Kf2 Ne5 26.Bd3 Ra3 27.Rac1 Ra2 28.Qxb4 Rb8 29.Qd4 Rxb3 30.f4 Nxd3+ 31.Rxd3
Rxc2+ 32.Rxc2 Qxc2+ 33.Rd2 Qb1 34.h3 Rb4 0-1

[Event "1. Bundesliga 2018/2019"]
[Site "St. Veit an der Glan"]
[Date "2019.01.18"]
[Round "6"]
[Board "1"]
[White "Lizak, Peter"]
[Black "Dragnev, Valentin"]
[Result "1/2-1/2"]
[WhiteElo "2472"]
[BlackElo "2514"]
[PlyCount "37"]
[EventDate "2018.11.15"]
[EventType "team"]
[EventRounds "11"]
[EventCountry "AUT"]
[WhiteTeam "Data Technology Pressbaum"]
[BlackTeam "mpimmo Wien - SK Ottakring"]

1.d4 Nf6 2.Nf3 d5 3.Bf4 c5 4.e3 Nc6 5.Nbd2 cxd4 6.exd4 Bf5 7.c3 e6 8.Bb5 Nd7 9.O-O
Be7 10.c4 O-O 11.cxd5 exd5 12.Re1 Re8 13.Rc1 Rc8 14.Qb3 Be6 15.Qa4 Nb6 16.Qd1 Nd7
17.Qa4 Nb6 18.Qd1 Nd7 19.Qa4 1/2-1/2

[Event "1. Bundesliga 2018/2019"]
[Site "St. Veit an der Glan"]
[Date "2019.01.18"]
[Round "6"]
[Board "2"]
[White "Banusz, Tamas"]
[Black "Videki, Sandor"]
[Result "1-0"]
[WhiteElo "2614"]
[BlackElo "2380"]
[PlyCount "103"]
[EventDate "2018.11.15"]
[EventType "team"]
[EventRounds "11"]
[EventCountry "AUT"]
[WhiteTeam "mpimmo Wien - SK Ottakring"]
[BlackTeam "Data Technology Pressbaum"]

1.Nf3 g6 2.d4 Bg7 3.c4 Nf6 4.g3 O-O 5.Bg2 d5 6.O-O dxc4 7.Na3 c5 8.dxc5 c3 9.Nb5 Na6
10.Nxc3 Nxc5 11.Be3 Nfe4 12.Nxe4 Nxe4 13.Bd4 Bf5 14.e3 Bg4 15.Bxg7 Qxd1 16.Rfxd1 Kxg7
17.Rd4 Bxf3 18.Bxf3 Nd6 19.e4 f6 20.Bg4 f5 21.exf5 gxf5 22.Bf3 Rac8 23.Re1 Rc7 24.Rd2
Rf6 25.Rde2 Kf8 26.Kg2 Nb5 27.Bd5 Nd6 28.h3 a5 29.a3 b5 30.Bf3 Nf7 31.Bd5 Nd6 32.g4
h6 33.Kg3 Rc5 34.Bf3 Rc7 35.Bd5 Rc5 36.Ba2 Rc7 37.f3 a4 38.h4 fxg4 39.fxg4 Nc4 40.Bb1
e5 41.Rd1 Rcf7 42.Be4 Rf1 43.Rd5 Rg1+ 44.Bg2 h5 45.Kh2 Rc1 46.gxh5 Rf4 47.Kg3 Rd4
48.Rxb5 Rcd1 49.Be4 R1d2 50.Rxd2 Rxd2 51.Rb8+ Kg7 52.h6+ 1-0

[Event "1. Bundesliga 2018/2019"]
[Site "St. Veit an der Glan"]
[Date "2019.01.18"]
[Round "6"]
[Board "3"]
[White "Hechl, Gerald"]
[Black "Papp, Gabor"]
[Result "0-1"]
[WhiteElo "2356"]
[BlackElo "2598"]
[PlyCount "224"]
[EventDate "2018.11.15"]
[EventType "team"]
[EventRounds "11"]
[EventCountry "AUT"]
[WhiteTeam "Data Technology Pressbaum"]
[BlackTeam "mpimmo Wien - SK Ottakring"]

1.d4 Nf6 2.Bg5 d5 3.Bxf6 gxf6 4.c4 dxc4 5.e3 c5 6.Bxc4 cxd4 7.Nc3 Bg7 8.Qh5 O-O 9.Rd1
Nc6 10.exd4 Qa5 11.Qxa5 Nxa5 12.Bd3 Rd8 13.Nge2 a6 14.O-O b5 15.b4 Nb7 16.a4 a5 17.Rb1
bxa4 18.Nxa4 axb4 19.Rxb4 Nd6 20.Rfb1 Bf5 21.Bxf5 Nxf5 22.d5 Ra5 23.Nac3 Bh6 24.g3
Bd2 25.Rb8 Rxb8 26.Rxb8+ Kg7 27.Rb2 Bxc3 28.Nxc3 Rc5 29.Ne2 Rxd5 30.Kg2 Nd6 31.Rb4
Rd2 32.Rg4+ Kf8 33.Nd4 f5 34.Rh4 Kg7 35.Nf3 Ra2 36.Ne5 e6 37.Rf4 h5 38.h4 Ne4 39.Nc4
Kf6 40.Ne3 Nc5 41.Rf3 Nd7 42.Rf4 Ne5 43.Kf1 Nd3 44.Rf3 Ra1+ 45.Ke2 Nc1+ 46.Kd2 Nb3+
47.Kc3 Nc5 48.Kd2 Ra2+ 49.Ke1 Ne4 50.Rf4 Ke7 51.Kf1 Nc5 52.Rf3 Nd7 53.Rf4 Ne5 54.Kg1
Ng6 55.Rb4 Kf6 56.Ng2 Ra1+ 57.Kh2 Rf1 58.Rb2 Kg7 59.Nf4 Nxf4 60.gxf4 Ra1 61.Rb4 Ra8
62.Rb3 Kf6 63.Kh3 Rg8 64.f3 Rg7 65.Rb5 Rg8 66.Kh2 Ke7 67.Rb7+ Kf6 68.Rb5 Re8 69.Rb6
Kg6 70.Kg3 Re7 71.Ra6 Kg7 72.Kf2 f6 73.Ra5 Kf7 74.Rb5 Rd7 75.Kg3 Kg6 76.Rb6 Re7 77.Kf2
Kf7 78.Kg3 Kg7 79.Kf2 e5 80.Rb5 Kg6 81.Ke3 Kf7 82.Rb6 Ra7 83.fxe5 fxe5 84.Rh6 Ra3+
85.Kf2 Ra2+ 86.Ke3 Rh2 87.Rxh5 Ke6 88.Kd3 f4 89.Rh8 Rf2 90.Re8+ Kf6 91.Ke4 Re2+ 92.Kd5
Rd2+ 93.Kc4 Rf2 94.Kd5 Rxf3 95.Re6+ Kf5 96.Rxe5+ Kg4 97.Re8 Rd3+ 98.Kc4 Rd7 99.Rf8
Rh7 100.Kd3 Kf3 101.Rg8 Rxh4 102.Rg7 Rh8 103.Kd2 Re8 104.Rg6 Kf2 105.Rg4 Rd8+ 106.Kc3
Ke3 107.Rg7 Rc8+ 108.Kb4 f3 109.Re7+ Kd2 110.Rd7+ Ke2 111.Re7+ Kf1 112.Rf7 f2 0-1

[Event "1. Bundesliga 2018/2019"]
[Site "St. Veit an der Glan"]
[Date "2019.01.18"]
[Round "6"]
[Board "4"]
[White "Steindl, Johannes"]
[Black "Neumeier, Klaus"]
[Result "0-1"]
[WhiteElo "2264"]
[BlackElo "2315"]
[PlyCount "66"]
[EventDate "2018.11.15"]
[EventType "team"]
[EventRounds "11"]
[EventCountry "AUT"]
[WhiteTeam "mpimmo Wien - SK Ottakring"]
[BlackTeam "Data Technology Pressbaum"]

1.e4 c5 2.Nf3 Nc6 3.d4 cxd4 4.Nxd4 e6 5.Nc3 Qc7 6.Be3 a6 7.Qf3 Bd6 8.O-O-O Be5 9.g3
Nf6 10.Qe2 O-O 11.f4 Bxd4 12.Bxd4 Nxd4 13.Rxd4 e5 14.Qc4 Qb8 15.fxe5 Qxe5 16.Nd5 d6
17.Qd3 Ng4 18.Qd2 Be6 19.Bc4 b5 20.Ne7+ Kh8 21.Bd5 Rae8 22.Nc6 Qf6 23.Bb3 Bxb3 24.axb3
Re6 25.Rd1 Ne5 26.Nxe5 dxe5 27.Rd8 Ree8 28.Rd6 Re6 29.Rxe6 Qxe6 30.Qd7 Qh6+ 31.Rd2
Kg8 32.Qe7 Qe3 33.Qxe5 Rd8 0-1

[Event "1. Bundesliga 2018/2019"]
[Site "St. Veit an der Glan"]
[Date "2019.01.18"]
[Round "6"]
[Board "5"]
[White "Weissenbeck, Manuel"]
[Black "Bauer, Thomas"]
[Result "1-0"]
[WhiteElo "2271"]
[BlackElo "2185"]
[PlyCount "89"]
[EventDate "2018.11.15"]
[EventType "team"]
[EventRounds "11"]
[EventCountry "AUT"]
[WhiteTeam "Data Technology Pressbaum"]
[BlackTeam "mpimmo Wien - SK Ottakring"]

1.d4 Nf6 2.Nf3 c5 3.e3 g6 4.Be2 Bg7 5.O-O O-O 6.b3 cxd4 7.exd4 d5 8.Ne5 b6 9.Re1 Bb7
10.Nd2 Qc7 11.Bb2 Nbd7 12.Nxd7 Nxd7 13.Nf3 Rac8 14.c4 Rfd8 15.Rc1 Qf4 16.Rc2 dxc4
17.bxc4 Be4 18.Rd2 e6 19.g3 Qf5 20.Nh4 Qa5 21.Bc1 Nb8 22.Bf1 Bb7 23.Re3 Nc6 24.d5
exd5 25.cxd5 Ne5 26.Bb2 Ng4 27.Ra3 Qb4 28.Ra4 Nxf2 29.Rxf2 Qc5 30.Bxg7 Rxd5 31.Bd4
Qc6 32.Bg2 Rcd8 33.Qb3 Qe6 34.Nf3 Bc6 35.Rc4 Bb5 36.Rc1 Qe4 37.Re1 Qg4 38.Bc3 Bc4
39.Qa4 Qc8 40.Ne5 Bb5 41.Qb3 Ba4 42.Nxf7 Rd4 43.Nxd8+ Bxb3 44.Re8+ Kg7 45.Bxd4+ 1-0

[Event "1. Bundesliga 2018/2019"]
[Site "St. Veit an der Glan"]
[Date "2019.01.18"]
[Round "6"]
[Board "6"]
[White "Peyrer, Konstantin"]
[Black "Wandl, Werner"]
[Result "1-0"]
[WhiteElo "2199"]
[BlackElo "2023"]
[PlyCount "93"]
[EventDate "2018.11.15"]
[EventType "team"]
[EventRounds "11"]
[EventCountry "AUT"]
[WhiteTeam "mpimmo Wien - SK Ottakring"]
[BlackTeam "Data Technology Pressbaum"]

1.e4 e6 2.Nc3 d5 3.Nf3 Nf6 4.e5 Nfd7 5.d4 c5 6.dxc5 Bxc5 7.Bd3 Nc6 8.Qe2 f6 9.exf6
Nxf6 10.O-O O-O 11.Na4 Bd6 12.c4 Bd7 13.Nc3 a6 14.Bg5 d4 15.Ne4 Be7 16.Nxf6+ Bxf6
17.Qe4 g6 18.Bh6 Re8 19.Rad1 e5 20.Qe2 Nb4 21.Be4 Bc6 22.a3 Bxe4 23.Qxe4 Nc6 24.b4
Qd7 25.Nd2 Ne7 26.g4 Rac8 27.h3 b5 28.Qf3 Qe6 29.Ne4 Bh4 30.c5 Rc6 31.g5 Qf5 32.Qg4
Qxg4+ 33.hxg4 Nd5 34.Kg2 Nf4+ 35.Kf3 Nh3 36.Rh1 Nxf2 37.Nxf2 Bxf2 38.Kxf2 Rc7 39.Rhe1
Rf7+ 40.Kg3 Rfe7 41.c6 Rc7 42.Rxd4 Rxc6 43.Rd7 Rc3+ 44.Kh4 e4 45.Rf1 Rf3 46.Rg7+ Kh8
47.Rc1 1-0

[Event "1. Bundesliga 2018/2019"]
[Site "St. Veit an der Glan"]
[Date "2019.01.18"]
[Round "6"]
[Board "1"]
[White "Mons, Leon"]
[Black "Ragger, Markus"]
[Result "1/2-1/2"]
[WhiteElo "2553"]
[BlackElo "2687"]
[PlyCount "158"]
[EventDate "2018.11.15"]
[EventType "team"]
[EventRounds "11"]
[EventCountry "AUT"]
[WhiteTeam "SIR Salzburg"]
[BlackTeam "SC MPOE Maria Saal"]

1.e4 e5 2.Bc4 Nf6 3.d3 Nc6 4.Nc3 Bb4 5.Nge2 d5 6.exd5 Nxd5 7.O-O Be6 8.Bxd5 Bxd5 9.f4
f6 10.fxe5 Nxe5 11.Nxd5 Qxd5 12.Nf4 Qf7 13.c3 Bd6 14.d4 O-O-O 15.Qa4 a6 16.dxe5 Bc5+
17.Kh1 fxe5 18.Qe4 Bd6 19.Rf3 exf4 20.Bxf4 Bxf4 21.Rxf4 Qd5 22.Qxd5 Rxd5 23.Raf1 Re8
24.R4f2 Kd7 25.g3 a5 26.Kg2 Re7 27.Rf7 a4 28.h4 h5 29.Rxe7+ Kxe7 30.Rf4 Rd2+ 31.Rf2
Rd1 32.Rf1 Rd5 33.Rf4 Rd2+ 34.Rf2 Rd1 35.Rf1 Rd6 36.Rf4 b5 37.Re4+ Kf6 38.Kf3 Rd3+
39.Re3 Rd1 40.Re4 c5 41.Re2 Kf5 42.Rf2 Ke5 43.g4 Rh1 44.Kg2 Rxh4 45.Rf5+ Ke4 46.Rxc5
Rxg4+ 47.Kh3 g6 48.Rxb5 Kf3 49.Rd5 Rg3+ 50.Kh4 Rg2 51.Rd3+ Kf4 52.Rd4+ Kf5 53.Rd5+
Kf6 54.Rd6+ Ke5 55.Rb6 Kf5 56.Rb5+ Kf4 57.Rb4+ Kf3 58.Rb5 Rg4+ 59.Kh3 Rg1 60.Kh4 Rg4+
61.Kh3 Kf2 62.Rd5 Rg3+ 63.Kh4 Rg4+ 64.Kh3 g5 65.Rf5+ Ke3 66.b4 Kd3 67.Rc5 a3 68.b5
Rg1 69.b6 g4+ 70.Kh4 Rb1 71.Rxh5 Rxb6 72.Ra5 Kxc3 73.Rxa3+ Kb4 74.Rb3+ Ka5 75.Rxb6
Kxb6 76.Kxg4 Ka5 77.Kf3 Ka4 78.Ke4 Ka3 79.Kd5 Kxa2 1/2-1/2

[Event "1. Bundesliga 2018/2019"]
[Site "St. Veit an der Glan"]
[Date "2019.01.18"]
[Round "6"]
[Board "2"]
[White "Predojevic, Borki"]
[Black "Durakovic, Alman"]
[Result "1-0"]
[WhiteElo "2621"]
[BlackElo "2283"]
[PlyCount "65"]
[EventDate "2018.11.15"]
[EventType "team"]
[EventRounds "11"]
[EventCountry "AUT"]
[WhiteTeam "SC MPOE Maria Saal"]
[BlackTeam "SIR Salzburg"]

1.Nf3 c5 2.c4 Nc6 3.d4 cxd4 4.Nxd4 g6 5.e4 Bg7 6.Be3 Nf6 7.Nc3 d6 8.Be2 Nxd4 9.Bxd4
Bd7 10.O-O Bc6 11.Qc2 O-O 12.Rad1 Qc8 13.Rfe1 a5 14.b3 b5 15.Nd5 Bxd5 16.exd5 bxc4
17.Bxc4 Nd7 18.Bxg7 Kxg7 19.Rxe7 Ne5 20.Qc3 Kf6 21.Rxe5 dxe5 22.f4 Kg7 23.fxe5 Qc5+
24.Kh1 Kg8 25.d6 Qb4 26.Qd4 h5 27.h3 Rad8 28.Rf1 Kh7 29.Qa7 Kh6 30.Qe3+ Kg7 31.Qg5
Qb7 32.Qf6+ Kh7 33.Bxf7 1-0

[Event "1. Bundesliga 2018/2019"]
[Site "St. Veit an der Glan"]
[Date "2019.01.18"]
[Round "6"]
[Board "3"]
[White "Oberhofer, Cedric"]
[Black "Buhmann, Rainer"]
[Result "0-1"]
[WhiteElo "2212"]
[BlackElo "2581"]
[PlyCount "62"]
[EventDate "2018.11.15"]
[EventType "team"]
[EventRounds "11"]
[EventCountry "AUT"]
[WhiteTeam "SIR Salzburg"]
[BlackTeam "SC MPOE Maria Saal"]

1.e4 e6 2.d3 d5 3.Nd2 Nf6 4.Ngf3 c5 5.g3 g6 6.Bg2 Bg7 7.O-O O-O 8.Re1 Nc6 9.c3 a5
10.a4 b6 11.Nf1 Ba6 12.e5 Nd7 13.Bf4 Rb8 14.h4 b5 15.axb5 Rxb5 16.Ra2 Qb8 17.Qe2 Qb6
18.Qd2 Rb8 19.Re2 Rb3 20.Ne3 d4 21.Ng4 c4 22.Bh6 Bh8 23.Qf4 cxd3 24.Ng5 Nd8 25.Re4
dxc3 26.Rd4 Rb4 27.Ne4 Qxd4 28.Ngf6+ Bxf6 29.Nxf6+ Kh8 30.Bg7+ Kxg7 31.Qg5 Nxf6 0-1

[Event "1. Bundesliga 2018/2019"]
[Site "St. Veit an der Glan"]
[Date "2019.01.18"]
[Round "6"]
[Board "4"]
[White "Kreisl, Robert"]
[Black "Leeb, Simon"]
[Result "1-0"]
[WhiteElo "2397"]
[BlackElo "2178"]
[PlyCount "157"]
[EventDate "2018.11.15"]
[EventType "team"]
[EventRounds "11"]
[EventCountry "AUT"]
[WhiteTeam "SC MPOE Maria Saal"]
[BlackTeam "SIR Salzburg"]

1.d4 d5 2.Bf4 Nf6 3.Nc3 a6 4.e3 e6 5.Nf3 Nbd7 6.h3 c5 7.Be2 Qb6 8.a3 Bd6 9.Bxd6 Qxd6
10.dxc5 Nxc5 11.Qd4 Qc7 12.O-O O-O 13.Rfc1 Rd8 14.Qe5 Qxe5 15.Nxe5 Ne8 16.a4 f6 17.Nd3
Nxd3 18.Bxd3 Bd7 19.e4 dxe4 20.Nxe4 Rac8 21.b4 Rc6 22.Rd1 f5 23.Nc5 Bc8 24.Bc4 Rxd1+
25.Rxd1 Kf7 26.a5 Ke7 27.Bb3 Rd6 28.Re1 Nc7 29.c4 Rd4 30.Kf1 Ne8 31.Ke2 Nd6 32.Rd1
Rh4 33.Rc1 Bd7 34.Nxd7 Kxd7 35.Kd3 Re4 36.f3 Re5 37.Ba4+ Ke7 38.c5 Rd5+ 39.Kc3 Nc8
40.c6 b5 41.axb6 Nxb6 42.Bb3 Rd6 43.b5 axb5 44.Kb4 Kd8 45.Kxb5 Kc7 46.Ra1 Nc8 47.Ra8
Rd3 48.Bxe6 Nd6+ 49.Kc5 Rc3+ 50.Kd5 Rd3+ 51.Kc5 Rc3+ 52.Kd4 Rc2 53.Ra7+ Kxc6 54.Bd5+
Kb6 55.Rxg7 Re2 56.f4 h5 57.Bf3 Re8 58.Bxh5 Re4+ 59.Kd5 Nb5 60.Bf3 Nc3+ 61.Kd6 Nb5+
62.Kd5 Nc3+ 63.Kd6 Nb5+ 64.Kd7 Rxf4 65.Ke6 Rh4 66.Kxf5 Nd4+ 67.Kg5 Nxf3+ 68.gxf3 Rxh3
69.f4 Kc6 70.Re7 Kd6 71.Re1 Kd7 72.f5 Rh8 73.Kg6 Rg8+ 74.Kf7 Rg2 75.Rd1+ Kc7 76.f6
Rg3 77.Kf8 Rg2 78.f7 Rg3 79.Rd4 1-0

[Event "1. Bundesliga 2018/2019"]
[Site "St. Veit an der Glan"]
[Date "2019.01.18"]
[Round "6"]
[Board "5"]
[White "Pflug, Mathias"]
[Black "Handler, Lukas"]
[Result "0-1"]
[WhiteElo "2267"]
[BlackElo "2412"]
[PlyCount "96"]
[EventDate "2018.11.15"]
[EventType "team"]
[EventRounds "11"]
[EventCountry "AUT"]
[WhiteTeam "SIR Salzburg"]
[BlackTeam "SC MPOE Maria Saal"]

1.e4 c5 2.Nf3 d6 3.d4 cxd4 4.Nxd4 Nf6 5.Nc3 a6 6.f3 e6 7.Be3 Be7 8.Qd2 b5 9.g4 Bb7
10.O-O-O Nfd7 11.a3 Nb6 12.h4 N8d7 13.Qf2 Rc8 14.Bd3 Rxc3 15.bxc3 d5 16.g5 Na4 17.Ne2
Qc7 18.Kd2 O-O 19.h5 Ne5 20.Rhg1 dxe4 21.fxe4 f5 22.gxf6 Rxf6 23.Bf4 Bd6 24.Rdf1 Nxc3
25.Qh4 Kf8 26.Nxc3 Nc4+ 27.Bxc4 Bxf4+ 28.Kd1 bxc4 29.Ke2 Qe5 30.Rxf4 Qxf4 31.Qxf4
Rxf4 32.Ke3 Rh4 33.Rg5 Bc6 34.Ra5 Ke7 35.Rxa6 Kd6 36.Ra7 Rxh5 37.Rxg7 Kc5 38.Ne2 Rh4
39.Rg5+ Kd6 40.Ng3 Rh2 41.Kd4 Rxc2 42.e5+ Kc7 43.Rg7+ Kb6 44.Rxh7 Rg2 45.Nf1 Rf2 46.Ne3
Rd2+ 47.Kxc4 Bb5+ 48.Kb4 Rd4+ 0-1